Introduction to tribal literature/ (Record no. 172076)

MARC details
000 -LEADER
fixed length control field 00545nam a22001937a 4500
005 - DATE AND TIME OF LATEST TRANSACTION
control field 20210317154901.0
010 ## - LCCN (DPL NO)
LC control number ENG-127563
020 ## - INTERNATIONAL STANDARD BOOK NUMBER
Terms of availability 150.00
International Standard Book Number 789388927284
035 ## - SYSTEM CONTROL NUMBER
System control number EN-111095
037 ## - SOURCE OF ACQUISITION
Source of stock number/acquisition DBAD/PUB
082 ## - DEWEY DECIMAL CLASSIFICATION NUMBER
Classification number 880
100 ## - MAIN ENTRY--PERSONAL NAME
Personal name Udeshi, Hardik
245 ## - TITLE STATEMENT
Title Introduction to tribal literature/
Remainder of title by Hardik Udeshi
260 ## - PUBLICATION, DISTRIBUTION, ETC. (IMPRINT)
Place of publication, distribution, etc Gujrata
Name of publisher, distributor, etc Vedant publications
Date of publication, distribution, etc 2019
270 ## - ADDRESS
Address Rajkot,Surat
City Ahmedabad
Postal code 395003
300 ## - PHYSICAL DESCRIPTION
Extent 110p
Dimensions 21cm(pbk)
500 ## - GENERAL NOTE
General note Includes bibliography
942 ## - ADDED ENTRY ELEMENTS (KOHA)
Source of classification or shelving scheme Dewey Decimal Classification
Item type English Books
Call number suffix UDE
Classification part 880
Holdings
Withdrawn status Lost status Not for loan Collection code Home library Current library Date acquired Source of acquisition Cost, normal purchase price Full call number Barcode Copy number Cost, replacement price Koha item type
      Non-fiction Ashok Vihar Ashok Vihar 27/01/2020 DBAD/PUB 150.00 880 UDE EN-111095 1 150.00 English Books

© Delhi Public Library
Hit Counter
free hit counter